Logo BPK

Biblioteka

Politechniki Koszalińskiej

River Restoration '96 - Session lectures proceedings : (Rekord nr 33981)

Szczegóły MARC
000 -ETYKIETA REKORDU
podpole kontrolne o stałej długości 00802nam a2200229 i 4500
001 - NUMER KONTROLNY REKORDU
pole kontrolne bg
020 ## - MIĘDZYNARODOWY ZNORMALIZOWANY NUMER KSIĄŻKI - ISBN
ISBN 8777723740
040 ## - ŹRÓDŁO KATALOGOWANIA
Instytucja, która utworzyła rekord BPK
041 0# - KOD JĘZYKA
Kod języka tekstu en
080 ## - UNIWERSALNA KLASYFIKACJA DZIESIĘTNA - UKD
UKD 504.4:556.5](4)(061)
920 ## - Międzynarodowy znormalizowany numer książki – ISBN
ISBN 87-7772-374-0
008 - POLE O STAŁEJ DŁUGOŚCI - DANE KONTROLNE
podpole kontrolne o stałej długości s pl f |000 0 pol
245 00 - TYTUŁ/ODPOWIEDZIALNOŚĆ
Tytuł River Restoration '96 - Session lectures proceedings :
Ciąg dalszy tytułu International Conference arranged by the European Centre for River Restoration /
Pozostałe elementy strefy tytułu i oznaczenia odpowiedzialności eds Hans Ole Hansen, Bent Lauge Madsen.
260 ## - STREFA ADRESU WYDAWNICZEGO
Miejsce wydania Silkeborg :
Nazwa wydawcy/dystrybutora National Environmental Research Inst.,
Data publikacji, dystrybucji/powstania dokumentu 1998.
300 ## - STREFA OPISU FIZYCZNEGO
Objętość 293 s. :
Inne cechy fizyczne fot., mapy, rys., wykr. +
Dokument towarzyszący 30 cm.
504 ## - UWAGA DOTYCZĄCA BIBLIOGRAFII
Informacje o bibliografii Bibliogr. przy ref.
650 #9 - HASŁO PRZEDMIOTOWE W FORMIE NAZWY OGÓLNEJ LUB JEDNOSTKOWEJ
Nazwa ogólna lub geograficzna Rzeki
Określnik ogólny ochrona
Określnik geograficzny Europa
655 ## - TERMIN INDEKSOWY - OKREŚLENIE RODZAJU/FORMY DOKUMENTU
Określenie rodzaju/formy dokumentu Materiały konferencyjne
700 1# - HASŁO DODATKOWE - NAZWA OSOBOWA
Nazwa osobowa HANSEN, Hans Ole.
Określenie związku między hasłem a opisywanym materiałem Red.
700 1# - HASŁO DODATKOWE - NAZWA OSOBOWA
Nazwa osobowa MADSEN, Bent Lauge.
Określenie związku między hasłem a opisywanym materiałem Red.
942 ## - DODATKOWE ELEMENTY (KOHA)
Typ dokumentu Książka
Egzemplarze
Wycofany Status egzemplarza Uszkodzony Dostępność Lokalizacja stała Lokalizacja bieżąca Miejsce przechowywania Sygnatura Kod kreskowy Typ dokumentu
      Dostępny Biblioteka Politechniki Koszalińskiej Biblioteka Politechniki Koszalińskiej Wypożyczalnia BG 46146 01388855 Książka
© 2023 Biblioteka Politechniki Koszalińskiej :: KOHA